000
00337 a2200109 4500
001
ART_6201
005
20260410161825.0
008
260409a
245
1
0
_a
Usos del tiempo libre de la población residente de Mar del Plata
100
1
_a
Mantero, Juan Carlos
773
0
_t
FACES
_g
- Año 2, Nº 2 (jun. 1996)
_w
REV5046
999
_c
22717
_d
22717